|
|
|
|
| LEADER |
00730nab a2200181 i 4500 |
| 001 |
misc73642 |
| 005 |
20241018113944.0 |
| 008 |
240222s1979 hu o 000 eng d |
| 040 |
|
|
|a SZTE Miscellanea Repozitórium
|b hun
|
| 041 |
|
|
|a eng
|
| 100 |
2 |
|
|a Szent-Györgyi Albert
|
| 245 |
1 |
0 |
|a Oxidation and molecular biology
|h [elektronikus dokumentum] /
|c Szent-Györgyi Albert
|
| 260 |
|
|
|a Elsevier - Akadémiai Kiadó
|b Amsterdam - Budapest
|c 1979
|
| 300 |
|
|
|a 9-10
|
| 490 |
0 |
|
|a Oxidation Communications
|v 1 No. 1
|
| 561 |
|
|
|a Szent-Györgyi Albert tudományos és egyéb írásai
|
| 695 |
|
|
|a Sejtlégzés - biológiai oxidáció, Molekuláris biológia
|
| 856 |
4 |
0 |
|u http://misc.bibl.u-szeged.hu/73642/1/szgya_amerikai_288.pdf
|z Dokumentum-elérés
|